ბათუმის შოთა რუსთაველის სახელმწიფო უნივერსიტეტის ბიბლიოთეკა

თხზულებათა სრული კრებული : (ბიბ.ჩანაწერი № 39490)

000 -ლიდერი
ფიქსირებული სიგრძის საკონტროლო ველი 01157nam a2200217Ia 4500
001 - საკონტროლო ნომერი
საკონტროლო ველი 6086
003 - საკონტროლო ნომრის იდენტიფიკატორი
საკონტროლო ველი GE_BSU
005 - ბოლო ოპერაციის თარიღი და დრო
საკონტროლო ველი 20190924165849.0
008 - ფიქსირებული სიგრძის მონაცემთა ელემენტები - ზოგადი ინფორმაცია
ფიქსირებული სიგრძის საკონტროლო ველი 181216s1937||||ge |||||||||||||| ||geo||
040 ## - კატალოგიზაციის წყარო
Transcribing agency GE_BSU
041 ## - ენის კოდი
Language code of text/sound track or separate title geo
080 ## - უნივერსალური ათობითი კლასიფიკაციის ინდექსი
Universal Decimal Classification number 821.353.1-11 ა-85
100 ## - მთავარი ჩანაწერი - პიროვნების სახელი
Personal name არჩილი (ბაგრატიონი)
9 (RLIN) 4291
245 ## - ცნობა სათაურის შესახებ
Title თხზულებათა სრული კრებული :
Remainder of title ტომი მეორე არჩილიანი გაბაასება თეიმურაზისა და რუსთაველისა /
Statement of responsibility, etc არჩილი (ბაგრატიონი) ; პ/მგ. რედ. გ. ხარატიშვილი.
264 ## - წარმოების, გამოცემის, დისტრიბუციის და სხვა ცნობები
გამოცემის, წარმოების, დისტრიბუციის... ადგილი ტფილისი :
გამოცემის, წარმოების, დისტრიბუციის... სახელწოდება საქართველოს სახელმწიფო მუზეუმი ;
გამოცემის, წარმოების, დისტრიბუციის... თარიღი 1937.
300 ## - ფიზიკური აღწერა
Extent 200 გვ. ;
Dimensions 24 სმ.
653 ## - INDEX TERM--UNCONTROLLED
Uncontrolled term არჩილიანი
653 ## - INDEX TERM--UNCONTROLLED
Uncontrolled term გაბაასება თეიმურაზისა და რუსთაველისა
700 ## - ADDED ENTRY--PERSONAL NAME
Personal name ხარატიშვილი, გ.
Relator term რედაქტორი
9 (RLIN) 4298
942 ## - ADDED ENTRY ELEMENTS (KOHA)
Koha item type წიგნი
Source of classification or shelving scheme
ეგზემპლარები
ჩამოწერის სტატუსი დაკარგული ეგზემპლარის სტატუსი კლასიფიკაციის წყარო ან თაროზე გაწყობის სქემა დაზიანების სტატუსი არ გაიცემა მუდმივი მდებარეობა (დაცვის ადგილი) ამჟამინდელი ადგილსამყოფელი თაროზე განთავსების ადგილი შეძენის თარიღი ღირებულება, შესყიდვის ნორმალური ფასი სრული შენახვის შიფრი შტრიხკოდი ბოლო ოპერაციის თარიღი ეგზემპლარის მიმდევრობითი ნომერი (კეტერი?) ფასის ძალაში შესვლის თარიღი ეგზემპლარის სახეობა საჯარო შენიშვნა
          ბათუმის შოთა რუსთაველის სახელმწიფო უნივერსიტეტის მთავარი ბიბლიოთეკა ბათუმის შოთა რუსთაველის სახელმწიფო უნივერსიტეტის მთავარი ბიბლიოთეკა წიგნსაცავი 2018-12-17 1.60 821.353.1-11 ა-85 13846 2018-12-17 13846 2018-12-17 წიგნი 1.60 ლ.